[Event "Laval op"]
[Site "Laval CAN"]
[Date "2023.06.25"]
[Round "4.25"]
[White "Wu, Yuchen"]
[Black "Eltafi, Ali Sina"]
[Result "0-1"]
[WhiteElo "1402"]
[BlackElo "1510"]
[PlyCount "58"]
[EventDate "2023.06.23"]
[EventType "swiss"]
[EventRounds "5"]
[EventCountry "CAN"]

1. e4 c5 2. c3 Nc6 3. d4 cxd4 4. cxd4 e6 5. Nf3 d5 6. e5 Qb6 7. a3 Nge7 8. Be2
Nf5 9. b4 Ncxd4 10. Nxd4 Qxd4 11. Qxd4 Nxd4 12. Bd3 Nb3 13. Bb2 Nxa1 14. Bxa1
Be7 15. f4 O-O 16. Nd2 a5 17. Bc3 Rd8 18. bxa5 Bxa3 19. Bd4 Bb4 20. Bb6 Rf8 21.
Ke2 Bxa5 22. Ra1 Bxd2 23. Rxa8 Bb4 24. Bb5 g6 25. Bc7 Kg7 26. Bd6 Bxd6 27. exd6
Bd7 28. Rxf8 Bxb5+ 29. Ke3 Kxf8 0-1

[Event "Laval op"]
[Site "Laval CAN"]
[Date "2023.06.25"]
[Round "5.3"]
[White "Dukic, Zachary"]
[Black "Batorshyn, Ilia"]
[Result "1-0"]
[WhiteElo "2340"]
[BlackElo "2243"]
[PlyCount "89"]
[EventDate "2023.06.23"]
[EventType "swiss"]
[EventRounds "5"]
[EventCountry "CAN"]

1. e4 c5 2. Nf3 e6 3. d4 cxd4 4. Nxd4 Nf6 5. Nc3 Nc6 6. Nxc6 bxc6 7. e5 Nd5 8.
Ne4 Qc7 9. f4 Qb6 10. c4 Bb4+ 11. Ke2 f5 12. Nf2 Ba6 13. Kf3 Ne7 14. Be3 Bc5
15. Bxc5 Qxc5 16. Qd6 Qa5 17. a3 c5 18. b4 cxb4 19. Qxb4 Qc7 20. Qd6 Qxd6 21.
exd6 Nc6 22. c5 Bxf1 23. Raxf1 Rb8 24. Rb1 Kf7 25. Nd3 Kf6 26. Rhe1 Rhc8 27.
Ne5 Nxe5+ 28. fxe5+ Kf7 29. Rb4 Ke8 30. Reb1 Ra8 31. Rc1 Rab8 32. Rcb1 Ra8 33.
Rb5 Rc6 34. Ke3 Rac8 35. Kd4 Ra6 36. R1b3 Ra4+ 37. R5b4 Ra5 38. Rc4 g5 39. Rh3
Rc6 40. Rxh7 Rca6 41. Rb4 Ra4 42. Kc4 g4 43. g3 R6a5 44. Rh8+ Kf7 45. c6 1-0

[Event "Laval op"]
[Site "Laval CAN"]
[Date "2023.06.25"]
[Round "5.5"]
[White "Guillemette, Hugo"]
[Black "Ouellet, Maili-Jade"]
[Result "0-1"]
[WhiteElo "2203"]
[BlackElo "2343"]
[PlyCount "102"]
[EventDate "2023.06.23"]
[EventType "swiss"]
[EventRounds "5"]
[EventCountry "CAN"]

1. e4 c5 2. Nf3 d6 3. Bb5+ Nd7 4. d4 cxd4 5. Qxd4 a6 6. Bxd7+ Bxd7 7. O-O e5 8.
Qd3 h6 9. c4 b5 10. Na3 Qb8 11. Rd1 Nf6 12. Be3 Qb7 13. Nd2 Be7 14. f3 O-O 15.
Rac1 Rfc8 16. Nf1 Bf8 17. Ng3 g6 18. Ne2 Rab8 19. cxb5 axb5 20. Qd2 Kh7 21. Rc2
Be6 22. b4 Rxc2 23. Nxc2 Bxa2 24. Ra1 Ra8 25. Nc3 Bc4 26. Qe1 d5 27. exd5 Nxd5
28. Nxd5 Qxd5 29. Rd1 Qc6 30. Rc1 Qe6 31. Qf2 Ra2 32. Bc5 Bg7 33. Qe1 Bd3 34.
Ne3 e4 35. Qg3 Qb3 36. fxe4 Bxe4 37. Rf1 f5 38. Rd1 Rxg2+ 39. Nxg2 Qxd1+ 40.
Qe1 Bd4+ 41. Bxd4 Qxd4+ 42. Qe3 Qxe3+ 43. Nxe3 Kg7 44. Nd1 Kf6 45. Nc3 Bc6 46.
Kf2 Ke5 47. Ke3 g5 48. Ne2 f4+ 49. Kd3 Bd5 50. Nd4 Bc4+ 51. Kc3 g4 0-1

[Event "Laval op"]
[Site "Laval CAN"]
[Date "2023.06.25"]
[Round "5.6"]
[White "Latorre, Vincent"]
[Black "Nunez-Painchaud, Raphael"]
[Result "1/2-1/2"]
[WhiteElo "2203"]
[BlackElo "2290"]
[PlyCount "81"]
[EventDate "2023.06.23"]
[EventType "swiss"]
[EventRounds "5"]
[EventCountry "CAN"]

1. e4 c5 2. Nf3 d6 3. d4 cxd4 4. Nxd4 Nf6 5. Nc3 a6 6. f3 e5 7. Nb3 h5 8. Be3
Be6 9. Qd2 Nbd7 10. Nd5 Bxd5 11. exd5 a5 12. c4 g6 13. Bd3 Bg7 14. O-O O-O 15.
Bf2 Nh7 16. Nc1 f5 17. Ne2 Ng5 18. Nc3 b6 19. a3 e4 20. fxe4 f4 21. h4 Nh7 22.
Nb5 Be5 23. Be2 Nhf6 24. Nd4 Nc5 25. Bf3 Ng4 26. Nc6 Qf6 27. Nxe5 Qxe5 28. Bd4
Qe7 29. Bxc5 Qxh4 30. Bxg4 hxg4 31. Bd4 g5 32. g3 Qxg3+ 33. Qg2 Qh4 34. Qh2
Rac8 35. Rac1 Rce8 36. Rce1 Rc8 37. Qxh4 gxh4 38. Rc1 Rce8 39. Rce1 Rc8 40. Rc1
Rce8 41. Rce1 1/2-1/2

[Event "Laval op"]
[Site "Laval CAN"]
[Date "2023.06.25"]
[Round "5.7"]
[White "Zhu, Hong Rui"]
[Black "Mok, Yuen Tak"]
[Result "1-0"]
[WhiteElo "2259"]
[BlackElo "2071"]
[PlyCount "65"]
[EventDate "2023.06.23"]
[EventType "swiss"]
[EventRounds "5"]
[EventCountry "CAN"]

1. e4 c6 2. d4 d5 3. exd5 cxd5 4. Bd3 Nc6 5. c3 Nf6 6. Bf4 Bg4 7. Qb3 Qd7 8.
Nd2 e6 9. Ngf3 Bd6 10. Bg3 O-O 11. O-O Bxg3 12. fxg3 Qd6 13. Rae1 Ne7 14. Nh4
Ng6 15. Ndf3 b5 16. Nxg6 hxg6 17. Ne5 Bf5 18. Bxf5 gxf5 19. Qxb5 Rab8 20. Qe2
Ne4 21. Rc1 Rfc8 22. g4 f6 23. Nd3 fxg4 24. Qxg4 a5 25. Rce1 Rc7 26. Re3 Rf7
27. Qh5 Rbb7 28. Nf4 f5 29. Ng6 Rfc7 30. Rh3 Rxb2 31. Qh8+ Kf7 32. Ne5+ Kf6 33.
Rh6+ 1-0

[Event "Laval op"]
[Site "Laval CAN"]
[Date "2023.06.25"]
[Round "5.8"]
[White "Hu, Raymond"]
[Black "Kot, Emanuel"]
[Result "0-1"]
[WhiteElo "1662"]
[BlackElo "2168"]
[PlyCount "104"]
[EventDate "2023.06.23"]
[EventType "swiss"]
[EventRounds "5"]
[EventCountry "CAN"]

1. e4 e5 2. Nf3 Nc6 3. Bb5 a6 4. Ba4 d6 5. O-O Bd7 6. c3 g6 7. d4 Bg7 8. Re1
Nf6 9. Bg5 h6 10. Bh4 O-O 11. Nbd2 Re8 12. dxe5 Nxe5 13. Nxe5 dxe5 14. Bxd7
Qxd7 15. Nb3 Qc6 16. Bxf6 Bxf6 17. Qd5 Qxd5 18. exd5 Rad8 19. Rad1 b6 20. f3
Be7 21. Kf1 Bd6 22. Nd2 f5 23. Nc4 Kf7 24. Nxd6+ cxd6 25. Re3 Rc8 26. Rdd3 Rc5
27. Ke2 b5 28. g3 g5 29. g4 e4 30. fxe4 fxg4 31. b3 h5 32. Kf1 Rc7 33. Rd2 Rce7
34. Rde2 Kf6 35. Rf2+ Kg6 36. Rfe2 h4 37. c4 bxc4 38. bxc4 Rc7 39. Rc2 Kf6 40.
Ke2 Ke5 41. Kd3 Rf8 42. Rg2 Rf6 43. Rb2 Rf8 44. Rg2 g3 45. hxg3 h3 46. Rh2 g4
47. Rc2 Rh7 48. Rh2 Rhf7 49. c5 dxc5 50. Rb2 Rf3 51. Rb6 Rxe3+ 52. Kxe3 Rf3+
0-1

[Event "Laval op"]
[Site "Laval CAN"]
[Date "2023.06.25"]
[Round "5.9"]
[White "Genzling, Jerome"]
[Black "Wang, Derek"]
[Result "0-1"]
[WhiteElo "2136"]
[BlackElo "2109"]
[PlyCount "118"]
[EventDate "2023.06.23"]
[EventType "swiss"]
[EventRounds "5"]
[EventCountry "CAN"]

1. e4 c5 2. Nf3 e6 3. d4 cxd4 4. Nxd4 Nf6 5. Nc3 Nc6 6. g3 Bb4 7. Bg2 d5 8.
exd5 Nxd5 9. Nxc6 bxc6 10. Bd2 O-O 11. O-O Ba6 12. Re1 Rb8 13. Na4 Bd6 14. b3
Qc7 15. c4 Nb4 16. Bc3 c5 17. Qg4 f5 18. Qe2 Rfe8 19. Rad1 e5 20. Qd2 Rbd8 21.
a3 Bf8 22. Qe2 Nc6 23. Qf3 Nd4 24. Bxd4 cxd4 25. Qxf5 Bc8 26. Qd3 Bxa3 27. Be4
g6 28. h4 Bf8 29. Kg2 Be6 30. Rh1 Qf7 31. Bc6 Bd7 32. Bd5 Be6 33. Bc6 Bd7 34.
Bd5 Be6 35. Be4 Bf5 36. f3 Rb8 37. Rhf1 Rb4 38. Rb1 Reb8 39. Rf2 Kh8 40. g4 Bd7
41. Ra2 Qe8 42. Bd5 Bd6 43. c5 Bc7 44. Nb2 a5 45. h5 Be6 46. Bc4 Qc6 47. hxg6
Rxb3 48. Bxb3 Rxb3 49. Qe2 Re3 50. Qf2 Bxa2 51. Rh1 Qxg6 52. Nd1 Ra3 53. Qb2
Qd3 54. Qb7 Qxf3+ 55. Qxf3 Rxf3 56. Rh6 Bd5 57. Kg1 e4 58. Rh5 Bc4 59. Nb2 Bf7
0-1

[Event "Laval op"]
[Site "Laval CAN"]
[Date "2023.06.25"]
[Round "5.10"]
[White "Chapdelaine, Gwyn"]
[Black "Di Matteo, Alessio"]
[Result "1-0"]
[WhiteElo "2110"]
[BlackElo "1986"]
[PlyCount "65"]
[EventDate "2023.06.23"]
[EventType "swiss"]
[EventRounds "5"]
[EventCountry "CAN"]

1. e4 e6 2. d4 d5 3. e5 c5 4. c3 Nc6 5. Nf3 Bd7 6. Nbd2 Nge7 7. Nb3 cxd4 8.
cxd4 Ng6 9. Bd2 Be7 10. Rc1 O-O 11. Nc5 Bxc5 12. Rxc5 Rc8 13. b4 b6 14. Rc1 a5
15. b5 Na7 16. Rxc8 Qxc8 17. a4 f6 18. Bd3 Qc7 19. O-O Nc8 20. h4 Nce7 21. h5
Nh8 22. exf6 gxf6 23. Bh6 Rc8 24. Ne5 f5 25. Qf3 Be8 26. Qg3+ Bg6 27. hxg6 hxg6
28. Qh4 Nf7 29. Nxf7 Kxf7 30. Bg5 Rg8 31. Rc1 Qd7 32. Qh2 Rc8 33. Qh7+ 1-0

[Event "Laval op"]
[Site "Laval CAN"]
[Date "2023.06.25"]
[Round "5.11"]
[White "Deboosere, Adam"]
[Black "Masse, Hugues"]
[Result "1/2-1/2"]
[WhiteElo "1998"]
[BlackElo "2261"]
[PlyCount "49"]
[EventDate "2023.06.23"]
[EventType "swiss"]
[EventRounds "5"]
[EventCountry "CAN"]

1. d4 Nf6 2. Nf3 d5 3. c4 e6 4. e3 c5 5. Nc3 Nc6 6. a3 dxc4 7. Bxc4 a6 8. O-O
b5 9. Ba2 Bb7 10. dxc5 Bxc5 11. b4 Qxd1 12. Rxd1 Bb6 13. Bb2 O-O 14. Rd6 Rfd8
15. Rad1 Rxd6 16. Rxd6 Rd8 17. Rxd8+ Bxd8 18. Bb1 Bc7 19. h3 h6 20. Kf1 Kf8 21.
Bc2 Bb8 22. Bb1 Bc7 23. Bc2 Bb8 24. Ne2 Ke7 25. Nc3 1/2-1/2

[Event "Laval op"]
[Site "Laval CAN"]
[Date "2023.06.25"]
[Round "5.12"]
[White "Turcotte, Jonathan"]
[Black "Robichaud, Louis"]
[Result "1-0"]
[WhiteElo "1998"]
[BlackElo "2127"]
[PlyCount "49"]
[EventDate "2023.06.23"]
[EventType "swiss"]
[EventRounds "5"]
[EventCountry "CAN"]

1. d4 Nf6 2. c4 g6 3. Nc3 Bg7 4. e4 d6 5. Nf3 O-O 6. Be2 Nbd7 7. O-O e5 8. Re1
Re8 9. Bf1 a5 10. Bg5 h6 11. Bh4 c6 12. c5 exd4 13. cxd6 g5 14. Nxd4 gxh4 15.
f4 Nxe4 16. Nxe4 Qb6 17. Kh1 Bxd4 18. Qh5 Re6 19. Bc4 Nf6 20. Nxf6+ Rxf6 21.
Re8+ Kh7 22. Bd3+ Rg6 23. Bxg6+ fxg6 24. Re7+ Bg7 25. Qe5 1-0

[Event "Laval op"]
[Site "Laval CAN"]
[Date "2023.06.25"]
[Round "5.13"]
[White "Gonzalez, Daniel"]
[Black "Constantin, David"]
[Result "0-1"]
[WhiteElo "1851"]
[BlackElo "2121"]
[PlyCount "49"]
[EventDate "2023.06.23"]
[EventType "swiss"]
[EventRounds "5"]
[EventCountry "CAN"]

1. c4 c6 2. g3 d5 3. cxd5 cxd5 4. Bg2 Nf6 5. Nf3 Nc6 6. d3 e5 7. O-O Be7 8. a3
O-O 9. b4 a6 10. Bb2 Bd6 11. Nbd2 Re8 12. Qb3 Bf5 13. Rfe1 Rc8 14. e4 dxe4 15.
Ng5 Rc7 16. Ngxe4 Nxe4 17. Nxe4 Bf8 18. Rac1 Rd7 19. Red1 Bg4 20. f3 Be6 21.
Qc2 f5 22. Nf2 Bd5 23. d4 exd4 24. Qxf5 Re2 25. Bxd4 0-1

[Event "Laval op"]
[Site "Laval CAN"]
[Date "2023.06.25"]
[Round "5.14"]
[White "Boulay, David"]
[Black "Peloquin, Charli"]
[Result "1/2-1/2"]
[WhiteElo "2036"]
[BlackElo "1932"]
[PlyCount "60"]
[EventDate "2023.06.23"]
[EventType "swiss"]
[EventRounds "5"]
[EventCountry "CAN"]

1. d4 Nf6 2. c4 e6 3. Nc3 Bb4 4. Qc2 O-O 5. a3 Bxc3+ 6. Qxc3 b6 7. Nf3 Bb7 8.
e3 d6 9. b4 Ne4 10. Qc2 Nd7 11. Bd3 f5 12. O-O Rc8 13. Nd2 Ndf6 14. f3 Nxd2 15.
Qxd2 Qd7 16. Bb2 c5 17. Rfd1 cxd4 18. exd4 Nh5 19. Re1 Rf6 20. Bf1 Rg6 21. Qf2
f4 22. Rad1 Qe7 23. Bd3 Rh6 24. Rc1 Rd8 25. c5 dxc5 26. bxc5 bxc5 27. Rxc5 Rd5
28. Be4 Nf6 29. Bxd5 Nxd5 30. Rxd5 Bxd5 1/2-1/2

[Event "Laval op"]
[Site "Laval CAN"]
[Date "2023.06.25"]
[Round "5.15"]
[White "Jiang, Barron Jiyu"]
[Black "Berube, Maximilien"]
[Result "0-1"]
[WhiteElo "2014"]
[BlackElo "1796"]
[PlyCount "158"]
[EventDate "2023.06.23"]
[EventType "swiss"]
[EventRounds "5"]
[EventCountry "CAN"]

1. e4 c6 2. d4 d5 3. exd5 cxd5 4. Bd3 Nc6 5. Nf3 Bg4 6. c3 Qc7 7. Be3 e6 8.
Nbd2 Bd6 9. h3 Bh5 10. O-O Nge7 11. Qb1 Bg6 12. Rc1 Na5 13. a4 O-O 14. b3 Qd7
15. c4 Bxd3 16. Qxd3 Bb4 17. Ne5 Qd8 18. Qe2 Bxd2 19. Qxd2 Nxb3 20. Qb4 Nxc1
21. Rxc1 Nc6 22. Qxb7 Nxe5 23. dxe5 dxc4 24. Rxc4 Qd5 25. Qb4 Qxe5 26. Bd4 Qf5
27. Qc3 f6 28. Rc7 e5 29. Qb3+ Kh8 30. Bxa7 Qe4 31. Kh2 Rfc8 32. Rb7 Qc4 33.
Qa3 Qe6 34. a5 Qa6 35. Qe7 Rg8 36. Be3 Rae8 37. Qc7 f5 38. Ra7 Qc8 39. Qf7 f4
40. Bb6 Qe6 41. Qb7 e4 42. Bd4 Qg6 43. Ra6 Qg5 44. h4 Qxh4+ 45. Kg1 e3 46. Qf7
Qe7 47. Qf5 Qe4 48. Qxe4 Rxe4 49. Bc3 Rc4 50. Be1 h6 51. fxe3 Re8 52. Rb6 Rxe3
53. Bf2 Ra3 54. a6 Rca4 55. Rb8+ Kh7 56. a7 Rxa7 57. Bxa7 Rxa7 58. Kf2 Ra3 59.
Rb4 g5 60. Rb6 Kg7 61. Rc6 Re3 62. Rb6 h5 63. Kg1 Kf7 64. Rh6 h4 65. Kh2 Re6
66. Rh7+ Kg6 67. Ra7 Kf5 68. Ra5+ Kg4 69. Ra4 Re2 70. Ra3 Re3 71. Ra4 h3 72.
Ra2 hxg2 73. Rxg2+ Kh4 74. Rf2 f3 75. Kh1 Re1+ 76. Rf1 Rxf1+ 77. Kh2 Rf2+ 78.
Kg1 Kg3 79. Kh1 Rf1# 0-1

[Event "Laval op"]
[Site "Laval CAN"]
[Date "2023.06.25"]
[Round "5.16"]
[White "Avarian, Aram Sevag"]
[Black "Kember, Jonah"]
[Result "1/2-1/2"]
[WhiteElo "2002"]
[BlackElo "1251"]
[PlyCount "214"]
[EventDate "2023.06.23"]
[EventType "swiss"]
[EventRounds "5"]
[EventCountry "CAN"]

1. e4 c5 2. Nc3 d6 3. f4 e6 4. Nf3 Be7 5. d3 Nf6 6. g3 Nc6 7. Bg2 Rb8 8. O-O
O-O 9. h3 Nd7 10. f5 Nde5 11. Nxe5 Nxe5 12. Bf4 Nc6 13. g4 a6 14. Qd2 Nd4 15.
Rae1 e5 16. Be3 b5 17. Nd5 f6 18. c3 Nc6 19. h4 h6 20. Rf3 Kf7 21. g5 hxg5 22.
hxg5 Rg8 23. Rh3 Ke8 24. Bf3 Kd7 25. Kg2 fxg5 26. Reh1 Bf6 27. Rh7 Ne7 28. Nxe7
Qxe7 29. R1h5 Bb7 30. Bxg5 Bxg5 31. Qxg5 Rbf8 32. Qg4 Rf7 33. Rg5 Kc7 34. Rg6
Bc8 35. Qg3 Kb8 36. Rg5 Qf8 37. Bd1 Rc7 38. Bb3 c4 39. dxc4 bxc4 40. Bd1 Bb7
41. Bf3 Qf7 42. Rg4 Re7 43. f6 Qxf6 44. Rg6 Qf4 45. Qxf4 exf4 46. Rxd6 Bxe4 47.
Bxe4 Rxe4 48. Kf3 Re7 49. Rxa6 Rb7 50. Rg6 Rxb2 51. Rgxg7 Rxg7 52. Rxg7 Rxa2
53. Kxf4 Rd2 54. Re7 Rc2 55. Re3 Kb7 56. Ke4 Kb6 57. Kd4 Kb5 58. Re5+ Ka4 59.
Kxc4 Rh2 60. Rd5 Rh4+ 61. Rd4 Rh8 62. Rd5 Rh4+ 63. Kd3 Kb3 64. Rb5+ Ka4 65. Re5
Kb3 66. Rb5+ Ka4 67. Rb7 Rh3+ 68. Kc2 Rh2+ 69. Kb1 Rh1+ 70. Ka2 Rh2+ 71. Rb2
Rh3 72. Rb4+ Ka5 73. Kb3 Rh1 74. Re4 Rb1+ 75. Kc4 Rc1 76. Re6 Rd1 77. Kc5 Rd8
78. c4 Rc8+ 79. Kd5 Rd8+ 80. Rd6 Rc8 81. c5 Kb5 82. Rb6+ Ka5 83. Rb7 Ka6 84.
Rd7 Kb5 85. Rb7+ Ka6 86. Rb2 Rd8+ 87. Kc6 Rc8+ 88. Kd6 Rh8 89. Re2 Kb7 90. c6+
Kc8 91. Re7 Rh6+ 92. Kc5 Kd8 93. Rd7+ Kc8 94. Kb6 Rh1 95. Rc7+ Kb8 96. Re7 Rb1+
97. Kc5 Rc1+ 98. Kd5 Rd1+ 99. Kc4 Rc1+ 100. Kb5 Rb1+ 101. Kc5 Rc1+ 102. Kb5
Rb1+ 103. Ka4 Rc1 104. Rb7+ Kc8 105. Kb5 Rb1+ 106. Ka6 Ra1+ 107. Kb6 Rb1+
1/2-1/2

[Event "Laval op"]
[Site "Laval CAN"]
[Date "2023.06.25"]
[Round "5.17"]
[White "Baran, Marius"]
[Black "Moses, Neil"]
[Result "0-1"]
[WhiteElo "1803"]
[BlackElo "2029"]
[PlyCount "51"]
[EventDate "2023.06.23"]
[EventType "swiss"]
[EventRounds "5"]
[EventCountry "CAN"]

1. d4 Nf6 2. c4 e6 3. Nf3 b6 4. a3 Bb7 5. Bg5 Be7 6. e3 h6 7. Bxf6 Bxf6 8. Be2
c5 9. O-O O-O 10. Nc3 d5 11. cxd5 exd5 12. Qd2 c4 13. Rfb1 Nc6 14. Qe1 Re8 15.
Nd2 Rc8 16. b3 Na5 17. b4 Nc6 18. Qd1 Nxd4 19. exd4 Bxd4 20. Nb5 Bxa1 21. Rxa1
c3 22. Nb3 Qe7 23. Bg4 c2 24. Qf1 Rc4 25. h3 Ba6 26. N3d4 0-1

[Event "Laval op"]
[Site "Laval CAN"]
[Date "2023.06.25"]
[Round "5.18"]
[White "Wang, Isabelle"]
[Black "Nunez, Omar"]
[Result "1/2-1/2"]
[WhiteElo "1748"]
[BlackElo "1965"]
[PlyCount "30"]
[EventDate "2023.06.23"]
[EventType "swiss"]
[EventRounds "5"]
[EventCountry "CAN"]

1. e4 d5 2. exd5 Qxd5 3. Nc3 Qa5 4. d4 Nf6 5. Bd2 Qb6 6. Bc1 Bf5 7. Nf3 Nc6 8.
Bb5 O-O-O 9. Bxc6 Qxc6 10. O-O e6 11. Ne5 Qe8 12. Be3 Bd6 13. Nc4 Kb8 14. Nxd6
cxd6 15. d5 e5 1/2-1/2

[Event "Laval op"]
[Site "Laval CAN"]
[Date "2023.06.25"]
[Round "5.19"]
[White "Zhe, Jia"]
[Black "Duval, Mathieu"]
[Result "1/2-1/2"]
[WhiteElo "1894"]
[BlackElo "1865"]
[PlyCount "114"]
[EventDate "2023.06.23"]
[EventType "swiss"]
[EventRounds "5"]
[EventCountry "CAN"]

1. e4 c5 2. Nf3 d6 3. d4 cxd4 4. Nxd4 g6 5. c4 Bg7 6. Be3 Nf6 7. Nc3 O-O 8. Be2
b6 9. O-O Bb7 10. Qc2 Nc6 11. Nxc6 Bxc6 12. Rad1 Qc7 13. Bd4 Qb7 14. Bf3 Rac8
15. Qd3 Rfd8 16. b3 a6 17. Rfe1 b5 18. cxb5 axb5 19. Nd5 Nxd5 20. exd5 Bxd5 21.
Bxg7 Bxf3 22. Qxf3 Qxf3 23. gxf3 Kxg7 24. Rxe7 Rc2 25. a4 bxa4 26. bxa4 Rc5 27.
Rb1 Rf5 28. Kg2 Ra8 29. Re4 Raa5 30. Rbb4 h5 31. h4 Ra6 32. f4 Rfa5 33. Kf3 Kf6
34. Kg3 d5 35. Re5 Rc6 36. Rd4 Rc3+ 37. Kg2 Rcc5 38. Kg3 Ra6 39. Rexd5 Rxd5 40.
Rxd5 Rxa4 41. Rb5 Ra3+ 42. Kg2 Ke6 43. Rc5 Rd3 44. Re5+ Kd6 45. Ra5 Rd5 46.
Ra6+ Ke7 47. Kg3 Rd6 48. Ra5 Rd3+ 49. Kg2 f6 50. Rb5 Ke6 51. f3 Rd5 52. Rb4 Kf5
53. Kg3 Rd1 54. Rb5+ Ke6 55. Rb6+ Rd6 56. Rb5 Rd1 57. Rb6+ Rd6 1/2-1/2

[Event "Laval op"]
[Site "Laval CAN"]
[Date "2023.06.25"]
[Round "5.20"]
[White "Yan, Alex Jikai"]
[Black "Chasles, Jean-Benoit"]
[Result "0-1"]
[WhiteElo "1881"]
[BlackElo "1806"]
[PlyCount "50"]
[EventDate "2023.06.23"]
[EventType "swiss"]
[EventRounds "5"]
[EventCountry "CAN"]

1. e4 c5 2. Nf3 g6 3. d4 cxd4 4. Nxd4 Bg7 5. Nc3 Nc6 6. Be3 Nf6 7. f3 O-O 8.
Qd2 d5 9. Nxc6 bxc6 10. O-O-O Qc7 11. exd5 Nxd5 12. Nxd5 cxd5 13. Bh6 Bxh6 14.
Qxh6 Bf5 15. c3 Qa5 16. g4 Be6 17. a3 Rfc8 18. Qe3 Rab8 19. Rd4 Rb3 20. Rb4
Rxb4 21. axb4 Qxb4 22. Kb1 Qb3 23. Rg1 Rb8 24. Qc1 d4 25. c4 d3 0-1

[Event "Laval op"]
[Site "Laval CAN"]
[Date "2023.06.25"]
[Round "5.21"]
[White "Sekki, Abderaouf"]
[Black "Eltafi, Ali Sina"]
[Result "1-0"]
[WhiteElo "1896"]
[BlackElo "1510"]
[PlyCount "75"]
[EventDate "2023.06.23"]
[EventType "swiss"]
[EventRounds "5"]
[EventCountry "CAN"]

1. d4 Nf6 2. c4 e6 3. Nf3 d5 4. Nc3 c6 5. Bg5 Be7 6. e3 O-O 7. Qc2 Nbd7 8. h4
Nh5 9. g4 Nhf6 10. Rg1 Re8 11. Bd3 Nf8 12. h5 Nxg4 13. Bxe7 Qxe7 14. Rxg4 e5
15. Bf5 Qf6 16. Bxc8 Qxf3 17. Qf5 Qh1+ 18. Kd2 Qxa1 19. Kc2 Raxc8 20. dxe5 Re6
21. Qg5 g6 22. Rg1 Rxe5 23. Qg3 Qxg1 24. Qxg1 Rxh5 25. cxd5 cxd5 26. Qg4 Rf5
27. Kd3 Rc4 28. Qg2 Rc6 29. Nxd5 Kg7 30. e4 Rh5 31. f4 Ne6 32. f5 Ng5 33. Nf4
Rd6+ 34. Ke3 Kh6 35. Nxh5 Kxh5 36. Qh2+ Kg4 37. Qxd6 h5 38. Qf4+ 1-0

[Event "Laval op"]
[Site "Laval CAN"]
[Date "2023.06.25"]
[Round "5.22"]
[White "Deschamps, Martin"]
[Black "McBain, Robert"]
[Result "1-0"]
[WhiteElo "1845"]
[BlackElo "1260"]
[PlyCount "89"]
[EventDate "2023.06.23"]
[EventType "swiss"]
[EventRounds "5"]
[EventCountry "CAN"]

1. c4 Nf6 2. Nc3 g6 3. g3 Bg7 4. Bg2 O-O 5. Nf3 d6 6. d4 c5 7. O-O Nbd7 8. Qc2
Qc7 9. d5 e6 10. dxe6 fxe6 11. Ng5 Ne5 12. Rd1 Rd8 13. Bf4 a6 14. Bxe5 dxe5 15.
Rxd8+ Qxd8 16. Rd1 Qe7 17. h4 Rb8 18. Bh3 Bd7 19. Nce4 Re8 20. Qd3 Nxe4 21.
Qxe4 Bc6 22. Qd3 Qf6 23. Qd6 Bf8 24. Bxe6+ Kg7 25. Qc7+ Re7 26. Bd7 h6 27. Rd6
Rxd7 28. Rxd7+ Bxd7 29. Qxd7+ Qe7 30. Ne6+ Kg8 31. Nxf8 Kxf8 32. Qxe7+ Kxe7 33.
Kg2 Ke6 34. Kf3 b5 35. b3 bxc4 36. bxc4 Kf5 37. g4+ Ke6 38. Ke4 g5 39. hxg5
hxg5 40. a3 a5 41. a4 Kd6 42. Kf5 e4 43. Kxe4 Ke6 44. e3 Kd6 45. Kf5 1-0

[Event "Laval op"]
[Site "Laval CAN"]
[Date "2023.06.25"]
[Round "5.24"]
[White "Perna-Fraser, David"]
[Black "Wu, Yuchen"]
[Result "1-0"]
[WhiteElo "1936"]
[BlackElo "1402"]
[PlyCount "141"]
[EventDate "2023.06.23"]
[EventType "swiss"]
[EventRounds "5"]
[EventCountry "CAN"]

1. e4 c5 2. Nf3 d6 3. d4 cxd4 4. Nxd4 Nf6 5. Nc3 g6 6. f3 Bg7 7. Be3 O-O 8. Qd2
Nc6 9. g4 Bd7 10. h4 h5 11. g5 Ne8 12. f4 e5 13. Ndb5 Bg4 14. Bh3 Bxh3 15. Rxh3
a6 16. Na3 b5 17. Nd5 exf4 18. Bb6 Qd7 19. Rb3 Be5 20. O-O-O Rb8 21. Bf2 Qd8
22. Rd3 Ne7 23. Nxf4 Qc8 24. Bd4 Qg4 25. Bxe5 dxe5 26. Nd5 Nxd5 27. exd5 Qxh4
28. d6 Rd8 29. d7 Nc7 30. Rd6 b4 31. Nb1 a5 32. Qe3 Qf4 33. Qxf4 exf4 34. Nd2
Ne6 35. Ne4 Kg7 36. Ra6 h4 37. Rxa5 h3 38. Rad5 Rh8 39. Rh1 Kf8 40. Nf2 h2 41.
Ng4 Rh5 42. Rxh2 Rxg5 43. Rxg5 Nxg5 44. Ne5 Kg7 45. Rd2 Ne6 46. Nc6 Rh8 47.
d8=Q Nxd8 48. Rxd8 Rh2 49. Rd3 g5 50. Nxb4 g4 51. Rd4 g3 52. Rxf4 g2 53. Rg4+
Kf8 54. a4 Rh1+ 55. Kd2 g1=Q 56. Rxg1 Rxg1 57. a5 Ke7 58. c4 Kd6 59. Nd3 f5 60.
b4 Rg4 61. c5+ Kc7 62. b5 Re4 63. a6 Re8 64. Kc3 Rf8 65. Nf4 Re8 66. Nd5+ Kb8
67. b6 Rc8 68. Kb4 Re8 69. Kb5 Rc8 70. c6 Re8 71. a7+ 1-0

[Event "Lynn Stringer mem"]
[Site "Sidney CAN"]
[Date "2023.08.19"]
[Round "1.2"]
[White "Du Buf, Paul"]
[Black "Sali, Zulfikar"]
[Result "0-1"]
[WhiteElo "1835"]
[BlackElo "2290"]
[PlyCount "50"]
[EventDate "2023.08.19"]
[EventType "swiss"]
[EventRounds "5"]
[EventCountry "CAN"]

1. e4 c5 2. d4 cxd4 3. c3 d5 4. e5 dxc3 5. Nxc3 d4 6. Nb5 Nc6 7. Nf3 Bg4 8. Bc4
e6 9. Bg5 Qa5+ 10. Bd2 Qb6 11. Qa4 Bxf3 12. gxf3 a6 13. O-O Rd8 14. Bg5 Rd7 15.
Rac1 h6 16. Qb3 axb5 17. Bxe6 fxe6 18. Qxe6+ Nge7 19. Bh4 g5 20. Bg3 h5 21. f4
h4 22. f5 hxg3 23. f6 gxh2+ 24. Kh1 d3 25. f4 Qd4 0-1

[Event "Lynn Stringer mem"]
[Site "Sidney CAN"]
[Date "2023.08.19"]
[Round "1.3"]
[White "Qu, Leo"]
[Black "Beaulieu, Michael"]
[Result "1-0"]
[WhiteElo "2197"]
[BlackElo "1814"]
[PlyCount "65"]
[EventDate "2023.08.19"]
[EventType "swiss"]
[EventRounds "5"]
[EventCountry "CAN"]

1. d4 Nf6 2. Nc3 c5 3. d5 d6 4. e4 a6 5. a4 g6 6. Nf3 Bg7 7. Be2 O-O 8. Nd2 e5
9. Nc4 b6 10. O-O Ne8 11. f4 Nd7 12. f5 Ndf6 13. g4 gxf5 14. exf5 Bb7 15. g5
Nd7 16. f6 Ndxf6 17. gxf6 Bxf6 18. Ne4 Bg7 19. Bg5 f6 20. Bh6 b5 21. Ne3 Nc7
22. c4 bxc4 23. Bxc4 a5 24. Nf5 Ne8 25. Kh1 Bc8 26. Qh5 Ra7 27. Ra3 Bxf5 28.
Qxf5 Kh8 29. Rg3 Raf7 30. Bb5 Nc7 31. Bc6 Na6 32. Qe6 Qb8 33. Nxd6 1-0

[Event "Lynn Stringer mem"]
[Site "Sidney CAN"]
[Date "2023.08.19"]
[Round "1.4"]
[White "Sung, Jaehyun"]
[Black "Yang, Jingyun (Ryan)"]
[Result "0-1"]
[WhiteElo "1789"]
[BlackElo "2186"]
[PlyCount "100"]
[EventDate "2023.08.19"]
[EventType "swiss"]
[EventRounds "5"]
[EventCountry "CAN"]

1. d4 Nf6 2. c4 g6 3. Nf3 Bg7 4. e3 O-O 5. Bd3 c5 6. Nc3 cxd4 7. exd4 d5 8.
cxd5 Nxd5 9. h3 Nc6 10. Bb1 Nxc3 11. bxc3 e5 12. Bb2 exd4 13. cxd4 Re8+ 14. Kf1
Be6 15. Bc2 Qb6 16. Bc3 Rad8 17. Rb1 Qc7 18. Ba4 Bxa2 19. Rb2 Bd5 20. Rd2 a6
21. Bb3 b5 22. g4 a5 23. h4 a4 24. Bxd5 Rxd5 25. Kg2 b4 26. Bxb4 Nxb4 27. Qxa4
Qd7 28. Qxd7 Rxd7 29. Rb1 Nd5 30. Kg3 Nc3 31. Rbb2 Ne4+ 32. Kg2 Nxd2 33. Rxd2
Re4 34. Ra2 Rxg4+ 35. Kh3 Rf4 36. Ra8+ Bf8 37. Kg3 Rf5 38. h5 Rxh5 39. Ne5 Rxd4
40. Nc6 Rd3+ 41. f3 Kg7 42. Ra7 Bd6+ 43. Kg4 Ra3 44. Rd7 Ra4+ 45. Nd4 Rxd4+ 46.
f4 Rxf4+ 47. Kg3 Rg5+ 48. Kh3 Rf3+ 49. Kh4 Rh5+ 50. Kg4 Rg3# 0-1